| 000 | 00471nam a2200169Ia 4500 | ||
|---|---|---|---|
| 005 | 20250508160709.0 | ||
| 008 | 008 250505s9999 xx 000 0 eng d | ||
| 037 | _aReference | ||
| 040 |
_aFEDL _beng _cFEDL |
||
| 041 |
_aeng _2eng |
||
| 084 |
_a103, ENC _qFEDL |
||
| 100 | _aEdwards Paul Ed. | ||
| 245 | 0 | _aEncyclopedia of philosophy, 8 V | |
| 260 |
_aNew York, USA _bThe Macmillan Company _c1967 |
||
| 942 |
_cREF _h103, ENC |
||
| 999 |
_c1366096 _d1366096 |
||